Oscillating between populism and liberalism in the Philippines: participatory education’s role in addressing stubborn inequalities (Record no. 174835)
[ view plain ]
| 000 -LEADER | |
|---|---|
| fixed length control field | 01654nam a2200181Ia 4500 |
| 005 - DATE AND TIME OF LATEST TRANSACTION | |
| control field | 20241022123601.0 |
| 008 - FIXED-LENGTH DATA ELEMENTS--GENERAL INFORMATION | |
| fixed length control field | 241022s9999 xx 000 0 und d |
| 040 ## - CATALOGING SOURCE | |
| Transcribing agency | LDD |
| 100 ## - MAIN ENTRY--PERSONAL NAME | |
| Personal name | Horner, Lindsey K. |
| 245 #0 - TITLE STATEMENT | |
| Title | Oscillating between populism and liberalism in the Philippines: participatory education’s role in addressing stubborn inequalities |
| 260 ## - PUBLICATION, DISTRIBUTION, ETC. | |
| Place of publication, distribution, etc. | United Kingdom |
| Name of publisher, distributor, etc. | Taylor & Francis |
| Date of publication, distribution, etc. | 2024 |
| 300 ## - PHYSICAL DESCRIPTION | |
| Other physical details | 332-349 |
| 490 ## - Journal | |
| Journal | Globalisation,Societies and Eduacation |
| Volume/sequential designation | 22(2) |
| 500 ## - GENERAL NOTE | |
| General note | This paper seeks to address the wider questions of populism and its seeming contemporary rise within the specific context of the Philippines, regarding education. Starting from the assumption that neither politics nor education sits above cultures or spaces autonomously acting upon them but instead emerges with/because/against particularities; after a brief overview of populism, I explore the conceptual characteristics in context. This is informed from my own experiences of living and researching in the Philippines, including experience of the Mindanao conflict but also the failure of liberalism in the Philippines more generally, the failure of western education to ‘develop’ the nation and the reactions that led to the populists rise of Duterte. The paper offers an understanding of the complexities of populism and offers some hope to how education can meet the challenge through a specific example of critical participatory community education. |
| 650 ## - SUBJECT ADDED ENTRY--TOPICAL TERM | |
| Topical term or geographic name entry element | Philippinespopulismcommunity organising |
| 856 ## - ELECTRONIC LOCATION AND ACCESS | |
| Link text | click here to online access |
| Uniform Resource Identifier | <a href="https://www.tandfonline.com/doi/full/10.1080/14767724.2022.2048799">https://www.tandfonline.com/doi/full/10.1080/14767724.2022.2048799</a> |
| 942 ## - ADDED ENTRY ELEMENTS (KOHA) | |
| Koha item type | Article |
| Date last seen | Total checkouts | Price effective from | Koha item type | Lost status | Damaged status | Not for loan | Withdrawn status | Home library | Current library | Date acquired |
|---|---|---|---|---|---|---|---|---|---|---|
| 10/22/2024 | 10/22/2024 | Article | Library and Documentation Division NCERT | Library and Documentation Division NCERT | 10/22/2024 |





